000 01116nam0a22002531 4500
001 rc\4442897
005 20260406154547.0
035 _a(NLR Aleph) 008316283
090 _a8729003
_c8729003
100 _a20130416d1966 |||y0rusy50 ca
101 0 _arus
102 _aRU
105 _ay z |||||
200 1 _aТезисы докладов
_fМ-во приборостроения, средств автоматизации и систем управления. Ин-т электронных управляющих машин. Науч.-техн. конференция (4-6/VII-1966 г.)
210 _aМосква
_cОтд. науч.-техн. информации
_d1966
215 _a75 с.
_d20
300 _aОтпеч. множит. аппаратом
333 _aДля служебного пользования
710 0 2 _aИнститут электронных управляющих машин
_bНауч.-техн. конф.
_cМосква
_f1966
_9355436
_3RU\NLR\AUTH\889929932
801 0 _aRU
_bNLR
_gpsbo
801 1 _aRU
_bELAR
_2rusmarc
852 _aNLR
_j50К/3923
942 _cBOOK
980 _aNB